000 00974nam a2200289 i 4500
001 000021714
003 DO-SdBPM
005 20251217091401.0
007 ta
008 100910s2012 dr 000 0 spa d
020 _a9789945005400
040 _aDO-SdBPM
_bspa
_cBPMSU
_erda
_d
082 4 _aRD863.44
_bC422g 2012
_222
100 1 _aCéspedes, Manuel,
_d1949-
_4aut.
_eautor
245 1 3 _aLa guerra de Pichirilo :
_bde Montecasino a Santo Domingo /
_cManuel Céspedes.
264 _aSanto Domingo :
_bEditora Corripio,
_c2012.
300 _a113 páginas ;
_c23 cm.
336 _atexto
_btxt
_2rdacontent
337 _asin mediación
_bn
_2rdamedia
338 _avolumen
_bnc
_2rdacarrier
590 _aInventariado, 2025/VM
650 7 _aNovela histórica dominicana
_2LEMB
650 7 _aLiteratura dominicana
_2LEMB
651 7 _aRepública Dominicana
_xHistoria
_yRevolución de Abril de 1965
_vNovelas
910 _aVMateo V. Control de calidad. BPMSU
942 _2ddc
_cBK
999 _c15584
_d15584